[Event "North Shore op"]
[Site "Auckland"]
[Date "2009.08.29"]
[Round "3"]
[White "Han, Daniel"]
[Black "Thornton, Giovanni Antonio"]
[Result "0-1"]
[WhiteElo "2191"]
[BlackElo "2133"]
[PlyCount "84"]
[EventDate "2009.08.29"]
[EventType "swiss"]
[EventRounds "5"]
[EventCountry "NZL"]
[SourceTitle "EXT 2018"]
[Source "ChessBase"]
[SourceDate "2017.10.13"]
[SourceVersion "1"]
[SourceVersionDate "2017.10.13"]
[SourceQuality "1"]

1. d4 Nf6 2. c4 e6 3. Nc3 Bb4 4. Qc2 0-0 5. Bg5 d5 6. e3 Nbd7 7. Nf3 h6 8. Bh4 c6 9. Bd3 dxc4 10. Bxc4 b5 11. Be2 Bb7 12. 0-0 a6 13. a4 Be7 14. Rfd1 b4 15. Ne4 Nxe4 16. Bxe7 Qxe7 17. Qxe4 Rab8 18. Bd3 Nf6 19. Qe5 Nd7 20. Qe4 Nf6 21. Qh4 c5 22. Ne5 Qd6 23. Bf1 Rfd8 24. Qf4 Rbc8 25. Rd3 c4 26. Rdd1 c3 27. bxc3 bxc3 28. Rdc1 Rc7 29. Qg3 Ne4 30. Qh4 Nd2 31. Rc2 Rdc8 32. f3 f6 33. Nd3 Bxf3 34. Nc5 Rxc5 35. dxc5 Qxc5 36. Bxa6 Rd8 37. Rac1 Bxg2 38. Rxc3 Nf3+ 39. Kf2 Qxc3 40. Qc4 Rd2+ 41. Kg3 Qxe3 42. Rc3 Qe5+ 0-1

[Event "NZL-ch U18"]
[Site "Auckland"]
[Date "1999.??.??"]
[Round "4"]
[White "Bjelobrk, Igor"]
[Black "Han, Daniel"]
[Result "1-0"]
[WhiteElo "2034"]
[BlackElo "1513"]
[PlyCount "69"]
[EventDate "1999.??.??"]
[EventType "swiss"]
[EventRounds "7"]
[EventCountry "NZL"]
[SourceTitle "EXT 2003"]
[Source "ChessBase"]
[SourceDate "2002.11.25"]
[SourceVersion "1"]
[SourceVersionDate "2002.11.25"]
[SourceQuality "1"]

1. c4 e5 2. Nc3 Nc6 3. g3 d6 4. Bg2 Nge7 5. Nf3 g6 6. d3 Bg7 7. 0-0 0-0 8. Rb1 a5 9. a3 Be6 10. b4 axb4 11. axb4 h6 12. b5 Nb8 13. Qc2 Nd7 14. Bd2 f5 15. Ne1 c6 16. Qc1 Kh7 17. Nc2 Qc7 18. Nb4 Nc5 19. Qc2 f4 20. Ra1 Rac8 21. Ra7 fxg3 22. hxg3 Ra8 23. Qa2 Rxa7 24. Qxa7 Bd7 25. Be3 e4 26. Nxe4 Nxe4 27. Bxe4 Nc8 28. b6 Nxa7 29. bxc7 c5 30. Bxb7 Nc8 31. Nd5 Be6 32. Rb1 Rf7 33. Bxc8 Bxc8 34. Rb8 Rf8 35. Nb6 1-0